书目信息 |
| 题名: |
考研真题数学四详解·拓展·评析
|
|
| 作者: | 世华 , 潘正义 主编 | |
| 分册: | ||
| 出版信息: | 北京 世界图书出版公司北京公司 2006 |
|
| 页数: | 111页 | |
| 开本: | 26cm | |
| 丛书名: | 考研数学真题1+1系列 | |
| 单 册: | ||
| 中图分类: | O13-44 | |
| 科图分类: | ||
| 主题词: | 高等数学--研究生--入学考试--试题 , 高等数学 | |
| 电子资源: | ||
| ISBN: | 7-5062-7921-5 | |
| 000 | 00970nam0 2200265 450 | |
| 001 | 070730001317 | |
| 005 | 20071016105236.82 | |
| 010 | @a7-5062-7921-5@dCNY10.80 | |
| 035 | @a003103766 | |
| 100 | @a20060210d2006 em y0chiy0110 ea | |
| 101 | 0 | @achi |
| 102 | @aCN@b110000 | |
| 105 | @ay zq 000yy | |
| 200 | 1 | @a考研真题数学四详解·拓展·评析@Akao yan zhen ti shu xue er xiang jie · tuo zhan · ping xi@e2006~1997@f世华,潘正义主编 |
| 210 | @a北京@c世界图书出版公司北京公司@d2006 | |
| 215 | @a111页@d26cm | |
| 225 | 1 | @a考研数学真题1+1系列 |
| 330 | @a本书按照数学考试大纲要求编写,汇集近10年数学全部考研试题的详细解析,通过“命题目的”、“思路点拨”、“详细解答”、“易错辨析”和“延伸拓展”几个步骤对真题进行了全方位剖析。 | |
| 606 | 0 | @a高等数学@x研究生@x入学考试@x试题 |
| 606 | 0 | @a高等数学 |
| 690 | @aO13-44@v4 | |
| 701 | 0 | @a世华@Ashi hua@c(高等数学)@4主编 |
| 701 | 0 | @a潘正义@Apan zheng yi@4主编 |
| 801 | 0 | @aCN@c20071016 |
| 905 | @dO13-44@eS600 | |
| 考研真题数学四详解·拓展·评析:2006~1997/世华,潘正义主编.-北京:世界图书出版公司北京公司,2006 |
| 111页;26cm.-(考研数学真题1+1系列) |
| ISBN 7-5062-7921-5:CNY10.80 |
| 本书按照数学考试大纲要求编写,汇集近10年数学全部考研试题的详细解析,通过“命题目的”、“思路点拨”、“详细解答”、“易错辨析”和“延伸拓展”几个步骤对真题进行了全方位剖析。 |
| ● |
| 相关链接 |
|
|
|
正题名:考研真题数学四详解·拓展·评析
索取号:O13-44/S600
 
预约/预借
| 序号 | 登录号 | 条形码 | 馆藏地/架位号 | 状态 | 备注 |
| 1 | 653098 | 206530985 | 自科库401/401自科库 69排1列2层/ [索取号:O13-44/S600] | 在馆 | |
| 2 | 653099 | 206530994 | 自科库401/401自科库 69排1列2层/ [索取号:O13-44/S600] | 在馆 | |
| 3 | 653100 | 206531001 | 自科库401/401自科库 69排1列2层/ [索取号:O13-44/S600] | 在馆 | |
| 4 | 653101 | 206531010 | 自科库401/401自科库 69排1列2层/ [索取号:O13-44/S600] | 在馆 | |
| 5 | 653105 | 206531056 | 自科库401/401自科库 998排3列1层/ [索取号:O13-44/S600] | 在馆 |